000 00733nam a2200121Ia 4500
008 220615s9999||||xx |||||||||||||| ||und||
100 _aFisher, Elaine
245 0 _aHindu Pluralism: Religion and the Public Sphere in Early Modern South India
546 _aEnglish[eng]
650 _aindia||hinduism||sectarianism||public sphere||hindu||early modern||religious studies||śaiva||Madurai||Nīlakaṇṭha Dhāraṇī||Sanskrit||Shaivism||Shiva||Smarta tradition||South India||Vedas
856 _uhttps://library.oapen.org/bitstream/20.500.12657/31742/1/625333.pdf||https://library.oapen.org/bitstream/20.500.12657/31742/1/625333.pdf||https://library.oapen.org/bitstream/20.500.12657/31742/1/625333.pdf
942 _cEB
999 _c14049
_d14049